El arte de empezar 2.0. La guía definitiva para empezar cualquier negocio en un mundo 2.0.
Kaydedildi:
| Yazar: | |
|---|---|
| Diğer Yazarlar: | |
| Materyal Türü: | Bilinmiyor |
| Baskı/Yayın Bilgisi: |
Bogotá, Colombia:
Paidós Empresa,
2021.
|
| Edisyon: | Sexta edición. |
| Konular: | |
| Etiketler: |
Etiketle
Etiket eklenmemiş, İlk siz ekleyin!
|
MARC
| LEADER | 00000 a2200000 4500 | ||
|---|---|---|---|
| 003 | CL-VaPUC | ||
| 005 | 20241107110019.0 | ||
| 008 | 221209t2021 ||||| |||| 00| 0 eng d | ||
| 999 | |c 439308 |d 439306 | ||
| 020 | |a 978-958-42-4988-3 | ||
| 040 | |c Pontificia Universidad Católica de Valparaíso | ||
| 082 | 7 | |a 658.11 KAW 2021 |2 22 | |
| 100 | |a Kawasaki, Guy |9 878332 |e autor | ||
| 245 | 1 | 3 | |a El arte de empezar 2.0. |b La guía definitiva para empezar cualquier negocio en un mundo 2.0. |
| 250 | |a Sexta edición. |b Sello Paidós Empresa. | ||
| 260 | |a Bogotá, Colombia: |b Paidós Empresa, |c 2021. | ||
| 300 | |a 396 páginas. | ||
| 583 | |k GC |c 20221209 | ||
| 650 | |a Emprendedores |9 533619 | ||
| 650 | 0 | |a Startup |9 893338 | |
| 650 | 0 | |a Marcas comerciales |9 893340 |x Posicionamiento (Publicidad) | |
| 650 | 0 | |a Liderazgo |9 271835 | |
| 650 | 0 | |a Liquidez (Economía) |9 893341 | |
| 700 | |a Murillo, Isabel |e traductora |9 879175 | ||
| 942 | |2 ddc |c BK | ||
| 952 | |0 0 |1 0 |2 ddc |4 0 |6 658_110000000000000_KAW_2021 |7 0 |8 R |9 588192 |a BIBENE |b BIBENE |c RES |d 2022-12-09 |e 3 |g 15044.00 |i 5656004 |l 3 |m 1 |o 658.11 KAW 2021 |p 5656004 |r 2025-01-15 |s 2024-10-18 |t 2 |v 15044.00 |w 2022-12-09 |y BK_R |k ICO | ||
| 952 | |0 0 |1 0 |2 ddc |4 0 |6 658_110000000000000_KAW_2021 |7 0 |8 R |9 588193 |a BIBENE |b BIBENE |c RES |d 2022-12-09 |e 3 |g 15044.00 |i 5656003 |l 9 |o 658.11 KAW 2021 |p 5656003 |r 2025-03-28 |s 2025-03-28 |t 1 |v 15044.00 |w 2022-12-09 |y BK_R |k ICO | ||